000 00697nam a22002057a 4500
003 OSt
005 20230914110548.0
008 221006b |||||||| |||| 00| 0 eng d
040 _cBiblioteca Lado V
082 _a708
_bM986b
110 _9159
_aMuseo de Arte y Diseño Contemporaneo
_eautor
245 _aIV BIENAL DEL CARIBE/
260 _bInstituto de Cultura Puertorriqueña
_aRepública Dominicana
_c2001
300 _c11x28cm
_a12p.
366 _espa
650 _2Tesauro de Arte & Arquitectura
_aARTE
_9703
650 _2Tesauro de Arte & Arquitectura
_aEXHIBICION
_9702
650 _2Tesauro de Arte & Arquitectura
_aBIENAL
_9702
942 _2ddc
_c1
_h708
_iM986b
_n0
999 _c4318
_d4318